Rappers by Bestselling Hit, Part 1 - Statistics

General Stats
  • This quiz has been taken 71 times
    24 since last reset
  • The average score is 12 of 15
Answer Stats
Song Song Real Name Answer % Correct
Lose Yourself Houdini Marshall Bruce Mathers III Eminem
100%
It Was A Good Day No Vaseline O'Shea Jackson Ice Cube
100%
To Live & Die In L. A. Dear Mama Tupac Amaru Shakur Tupac
100%
Nice For What Jimmy Cooks Aubrey Drake Graham Drake
95%
Nuthin' But A 'G' Thang F*** With Dre Day André Romell Young Dr. Dre
95%
Industry Baby Montero Montero Lamar Hill Lil Nas X
95%
6 Foot 7 Foot A Milli Dwayne Michael Carter II Lil Wayne
95%
Super Bass Super Freaky Girl Onika Tanya Maraj-Petty Nicki Minaj
90%
Hate It Or Love It Magic Stick Curtis James Jackson III 50 Cent
86%
XO tour Llif3 Money Longer Symere Bysil Woods Lil Uzi Vert
86%
Revenge F*** Love Jacay Dwayne Ricardo Onfroy XXXTentacion
71%
Get Down Street Dreams Nasir bin Olu Dara Jones Nas
62%
Low Whistle Tramar Lacell Dillard Flo Rida
57%
6 N' the Morning Cop Killer Tracy Warren Morrow Ice-T
24%
Just Another Day Ladies First Dana Elaine Owens Queen Latifah
24%
No matching quizzes found
Score Distribution
Percent of People with Each Score
Percentile by Number Answered
Your Score History
You have not taken this quiz since the last reset